Statystyki dla 5 najbardziej znanych państw (piłkarsko) z każdego kontynentu.

Kliknij tutaj aby rozwiązać quiz!

Ogólne statystyki

  • Ten quiz został rozwiązany 94 razy
  • Średni wynik to 28 z 35

Statystyki odpowiedzi

Odpowiedź% Poprawnych
Brazylia
97%
Stany Zjednoczone
97%
Argentyna
96%
Kanada
96%
Meksyk
96%
Polska
96%
Hiszpania
95%
Francja
93%
Niemcy
93%
Portugalia
93%
Japonia
91%
Australia
89%
Chile
89%
Włochy
89%
Anglia
88%
Nowa Zelandia
88%
Egipt
86%
Korea Południowa
85%
Urugwaj
85%
Kolumbia
84%
Niderlandy
84%
Belgia
82%
Maroko
82%
Arabia Saudyjska
76%
Chorwacja
76%
Kamerun
76%
Kostaryka
73%
Panama
72%
Senegal
68%
Iran
66%
Katar
62%
Nigeria
58%
Papua Nowa Gwinea
45%
Tahiti
18%
Nowa Kaledonia
14%

Rozkład punktacji

Percentyl według liczby udzielonych odpowiedzi

Procent ludzi z każdym wynikiem

Twoja historia wyników

Nie rozwiązałeś tego quizu